1697 1740 1702 1296 1662 1401 1749 1371 1311 1739 1630 1265 1060 1163 1825 1288 1797 1715 1290 1351 1075 1386 1937 1028 1658 1096 1661 1216 1146 1138 1815 1493 1454 1109 1217 1697 1213 1115 1840 1397 1913 1785 1856 1294 1380 1974 1859 1805 1673 1057 1374 1181 1837 1737 1441 1174 1629 1927 1959 1487 1654 1532 1926 1826 1250 1488 1637 1212 1967 1151 1084 1762 1283 1198 1911 1580 1145 1077 1449 1669 1785 1324 1827 1897 1487 1201 1372 1284 1652 1898 1167 1126 1589 1383 1105 1738 1209 1313 1599 BCNSPRNW ULIB Ver.6.0+V

เปลี่ยนเป็นภาษาไทย

Change to English
 แสดงรายละเอียดบรรณานุกรม
  กลับหน้าหลัก

Brief Record : Get Marc (ISO 2709) : E-mail record : QR code < ปิดหน้าต่าง
LEADER : 00000nam 2200000uu 4500
001    13399122173
003     ULIB
008    130108s2554||||th 000 0 tha d
020    ^a9789740321330
050  4 ^aQA278.7^bศ592ก
100 0  ^aศิริชัย พงษ์วิชัย
245 10 ^aการวิเคราะห์ข้อมูลทางสถิติด้วยคอมพิวเตอร์ : เน้นสำหรับงานวิจัย /^cศิริชัย พงษ์วิชัย
250    ^aพิมพ์ครั้งที่ 22
260    ^aกรุงเทพฯ :^bสำนักพิมพ์แห่งจุฬาลงกรณ์มหาวิทยาลัย,^c2554
300    ^a479 หน้า :^bภาพประกอบ ;^c27 ซม.
650  4 ^aเอสพีเอสเอส (โปรแกรมคอมพิวเตอร์)
650  4 ^aสังคมศาสตร์^xการประมวลผลข้อมูล
650  4 ^aสถิติ^xการประมวลผลข้อมูล
650  4 ^aการประมวลผลข้อมูลอิเล็กทรอนิกส์
945    ^p350^l0^i19635
995    ^aกัณชพร
999 ^a กัณชพร
รายการนี้ยังไม่มีแท็ก
คุณยังไม่ได้ล็อกอิน คุณสามารถมีกิจกรรมร่วมกับเว็บไซต์ได้ แต่ต้องล็อกอินก่อน ::
  ล็อกอิน

รายการสื่อสารสนเทศ

ลำดับที่ ประเภท เลขเรียก/บาร์โค้ด สถานที่ สถานะ
1. การศึกษาทั่วไป
การศึกษาทั่วไป
QA278.7 ศ592ก  
  Barcode: 19635
ห้องสมุดวิทยาเขตสวรรค์ประชารักษ์
►หนังสือทั่วไป
บนชั้น

รายการใกล้เคียง
    ผู้แต่ง [ศิริชัย พงษ์วิชัย]

    หัวเรื่อง [เอสพีเอสเอส (โปรแกรมคอมพิวเตอร์)]
    หัวเรื่อง [การประมวลผลข้อมูลอิเล็กทรอนิกส์]

BibComment


ยังไม่เคยถูกคอมเมนท์

คอมเมนท์ทรัพยากรรายการนี้
  คอมเมนท์: การวิเคราะห์ข้อม..


 Copyright 2026. Bcnsprnw @Library